00736nam a22001097a 4500040000800000082002700008100003900035245048500074260002600559300002500585856001600610 cRUA aANS SAN 2018 B648 Or.1 aSAN SOKKHEA សន សុខគា astudy on swine peproductive by artificial insemmination at VBC center and farmer takhmao city, kandal province ការសិក្សារអំពីការបង្កាត់ពូជជ្រូកបរទេសតាមរយះការបង្កាត់ពូជដោយសិប្បនិមិ្មតទៅមជ្ឃមណ្ឌល វី​ ប៊ី សុី និង កសិករក្រុងតាខ្មៅ ខេត្តកណ្តាល aRUAbPhnom penhc2018 axiii;53pbill;c29cm uSAN SOKKHEA